[Event "Bucharest schev1"]
[Site "Bucharest"]
[Date "1993.??.??"]
[Round "1"]
[White "Frangulea, Adrian"]
[Black "Gilbert, Christophe"]
[Result "1/2-1/2"]
[WhiteElo "2280"]
[BlackElo "2090"]
[PlyCount "82"]
[EventDate "1993.??.??"]
[EventType "schev"]
[EventRounds "8"]
[EventCountry "ROU"]
[SourceTitle "EXT 2004"]
[Source "ChessBase"]
[SourceDate "2003.11.25"]
[SourceVersion "1"]
[SourceVersionDate "2003.11.25"]
[SourceQuality "1"]

1. d4 Nf6 2. c4 g6 3. Nc3 Bg7 4. e4 d6 5. Nf3 0-0 6. Be2 e5 7. dxe5 dxe5 8. Qxd8 Rxd8 9. Bg5 Re8 10. 0-0-0 c6 11. Nxe5 Na6 12. Nf3 Ng4 13. Rhf1 h6 14. Rd8 Rxd8 15. Bxd8 Be6 16. Be7 Re8 17. Bd6 f5 18. exf5 Bxf5 19. c5 Nb4 20. Bc4+ Kh7 21. h3 Nd3+ 22. Bxd3 Bxd3 23. Rd1 Nxf2 24. Rd2 Bxc3 25. bxc3 Re2 26. Ne5 Rxd2 27. Kxd2 Bf5 28. Ke3 Nd1+ 29. Kd4 Kg7 30. a4 Be6 31. Nd3 Bf5 32. Nb4 Nf2 33. Bg3 Nd1 34. Nd3 Kf6 35. Ne5 Be6 36. Bf4 g5 37. Bd2 h5 38. Nf3 g4 39. hxg4 Bxg4 40. Ne5 Be6 41. Be1 Nb2 1/2-1/2